LIBRARY & INFORMATION CENTRE, KCAET, TAVANUR

ONLINE PUBLIC ACCESS CATALOGUE (OPAC)

Building construction / (Record no. 1620)

MARC details
000 -LEADER
fixed length control field 00469cam a2200193ua 4500
041 ## - LANGUAGE CODE
Language code of text/sound track or separate title eng
082 ## - DEWEY DECIMAL CLASSIFICATION NUMBER
Classification number 690
Item number SUS/BU
100 ## - MAIN ENTRY--AUTHOR NAME
Personal name Sushil kumar, .
245 ## - TITLE STATEMENT
Title Building construction /
250 ## - EDITION STATEMENT
Edition statement 1 /
260 ## - PUBLICATION, DISTRIBUTION, ETC. (IMPRINT)
Place of publication Delhi :
Name of publisher Standard publishers distributors ,
Year of publication 1984.
300 ## - PHYSICAL DESCRIPTION
Number of Pages 784 ; .
942 ## - ADDED ENTRY ELEMENTS (KOHA)
Koha item type Books
Holdings
Withdrawn status Lost status Damaged status Home library Current library Date acquired Full call number Accession Number Koha item type
      KAUAET KAUAET 09/03/1987 690 16038 Books
      KAUAET KAUAET 07/04/2012 690 19402 Books
free website counter